000 00544nam a2200217Ia 4500
003 OSt
005 20220924144941.0
006 a|||||r|||| 00| 0
007 ta
008 220923b |||||||| |||| 00| 0 mal d
024 _a324040
037 _cTextual
040 _aARTS
_cARTS
_bmal
041 _2mal
_amal
082 _aO32,3N14,14, J6
100 _aPillai Sivasankara
_9209030
245 0 _aVilppanakkari
260 _c1956
942 _hO32,3N14,14, J6
_cTEXL
_2CC
999 _c458703
_d458703